00689cam a22002297a 4500003000500000005001700005008004100022010001000063011001000073035001000083040000900093082001400102100002700116245009200143260004500235300002300280490002900303650004600332650003100378650002100409830002900430CHAP20220817043026.0050525s1988 mx r 00010 spa d a63150 a64122 a69275 cCHAP04a660.6bA700aArroyo, Gonzaloecoor.10aBiotecnologíab: una salida para la crisis agroalimentaria?/ coor. por Gonzalo Arroyo aMéxico, D. F. :bPlaza y Valdes,c1998 a391 p.b: gráfs. 0aAgricultura y economía14aAgriculturaxInnovaciones tecnológicas.14aAlimentosxAbastecimiento.14aBiotecnología.0 aAgricultura y economía